高岡駅から乗り換えなしで行ける駅 - Statistics

General Stats
  • This quiz has been taken 7 times
  • The average score is 60 of 85
Answer Stats
Answer % Correct
氷見
100%
新高岡
100%
城端
100%
小松
100%
金沢
100%
津幡
100%
倶利伽羅
100%
倶利伽羅
100%
石動
100%
越中大門
100%
小杉
100%
呉羽
100%
富山
100%
東富山
100%
滑川
100%
魚津
100%
黒部
100%
入善
100%
100%
糸魚川
100%
雨晴
86%
砺波
86%
西金沢
86%
東金沢
86%
森本
86%
福岡
86%
西高岡
86%
高岡やぶなみ
86%
新富山口
86%
市振
86%
市振
86%
越中中川
71%
伏木
71%
越中国分
71%
福野
71%
福光
71%
加賀笠間
71%
松任
71%
野々市
71%
水橋
71%
西入善
71%
越中宮崎
71%
親不知
71%
青海
71%
六渡寺
71%
六渡寺
71%
海王丸
71%
越ノ潟
71%
能町
57%
島尾
57%
二塚
57%
57%
戸出
57%
油田
57%
東石黒
57%
能美根上
57%
小舞子
57%
美川
57%
西松任
57%
東滑川
57%
生地
57%
末広町
57%
新能町
57%
米島口
57%
能町口
57%
吉久
57%
中伏木
57%
第一イン新湊クロスベイ前
57%
中新湊
57%
越中山田
43%
明峰
43%
片原町
43%
坂下町
43%
急患医療センター前
43%
広小路
43%
志貴野中学校前
43%
市民病院前
43%
江尻
43%
旭ヶ丘
43%
新吉久
43%
庄川口
43%
新町口
43%
東野尻
29%
高儀
29%
萩布
29%
No matching quizzes found
Score Distribution
Percent of People with Each Score
Percentile by Number Answered
Your Score History
You have not taken this quiz